000 00298nam a22001217a 4500
008 250307b |||||||| |||| 00| 0 eng d
050 _aHD1387
_b.R53
100 _aBOYCE, N. Byrl
245 _aReal Estate Appraisal
260 _aU.S.A
_bBollinger Publishing
_c1984
300 _ax, 367p.
942 _cBK
999 _c2154
_d2154